000 00542nam a22001817a 4500
003 OSt
005 20140310182146.0
008 130829t xxu||||| |||| 00| 0 eng d
020 _a084031258X
050 _aGB 121
_b.P669 1975
082 _aHS 917.302
_bP66 1975
100 _aPirkle, E.C.; Yoho, W.H.
_915534
245 _aNatural regions of the United States /
_cE.C. Perkle and W.H. Yoho.
260 _aDubuque, Iowa :
_bKendall/Hunt Pub.,
_cc1975.
300 _a332 p. :
_bill. ;
_c28 cm.
942 _2lcc
_cHS
999 _c9930
_d9930